[Event "Bundesliga 9798"]
[Site "Deutschland"]
[Date "1998.??.??"]
[Round "?.5"]
[White "Stangl, Markus"]
[Black "Kachiani Gersinska, Ketino"]
[Result "1-0"]
[WhiteElo "2530"]
[BlackElo "2415"]
[PlyCount "123"]
[EventDate "1997.10.??"]
[EventType "team"]
[EventRounds "15"]
[EventCountry "GER"]
[SourceTitle "Bundesliga 9798"]
[Source "DeepChess"]
[SourceDate "2005.01.01"]
[SourceVersion "1"]
[SourceVersionDate "2005.01.01"]
[SourceQuality "1"]
[WhiteTeam "SG Porz e.V."]
[BlackTeam "SC Anderssen St.Ingbert 1920 e.V."]
[WhiteTeamCountry "GER"]
[BlackTeamCountry "GER"]

1. Nf3 Nf6 2. d4 g6 3. g3 Bg7 4. Bg2 O-O 5. c4 d6 6. O-O Nc6 7. Nc3 a6 8. Re1
Rb8 9. Rb1 Bf5 10. e4 Bg4 11. Be3 Re8 12. Qc2 Bxf3 13. Bxf3 e5 14. d5 Nd4 15.
Bxd4 exd4 16. Ne2 Nd7 17. Rbd1 Nc5 18. Nxd4 Qe7 19. Nb3 Nxb3 20. Qxb3 b5 21.
Rd2 Qg5 22. Rc2 f5 23. Qd3 fxe4 24. Bxe4 b4 25. Rd1 a5 26. h4 Qe5 27. Re2 a4
28. Kg2 b3 29. a3 Qf6 30. h5 Re7 31. f3 Rbe8 32. Rf2 gxh5 33. Bxh7+ Kf8 34. Rh1
Re3 35. Qd2 Qxb2 36. Qxb2 Bxb2 37. Rxb2 Re2+ 38. Rxe2 Rxe2+ 39. Kh3 Ra2 40. Kh4
Rxa3 41. Kxh5 b2 42. Rb1 Rxf3 43. Rxb2 Rxg3 44. Rb7 Kg7 45. Rxc7+ Kf6 46. Ra7
Rc3 47. Kg4 Rxc4+ 48. Kf3 Ke5 49. Bg8 Rc3+ 50. Ke2 Ra3 51. Kd2 Kd4 52. Kc2 Kc4
53. Kb2 Rb3+ 54. Ka2 Kb4 55. Rb7+ Kc3 56. Rg7 Kb4 57. Rg4+ Kb5 58. Be6 Rb4 59.
Bd7+ Kc5 60. Rxb4 Kxb4 61. Bc6 a3 62. Ba8 1-0

[Event "Bundesliga 9798"]
[Site "Deutschland"]
[Date "1998.??.??"]
[Round "?.6"]
[White "Werner, Dimo"]
[Black "Vogt, Lothar"]
[Result "0-1"]
[WhiteElo "2420"]
[BlackElo "2515"]
[PlyCount "80"]
[EventDate "1997.10.??"]
[EventType "team"]
[EventRounds "15"]
[EventCountry "GER"]
[SourceTitle "Bundesliga 9798"]
[Source "DeepChess"]
[SourceDate "2005.01.01"]
[SourceVersion "1"]
[SourceVersionDate "2005.01.01"]
[SourceQuality "1"]
[WhiteTeam "SC Anderssen St.Ingbert 1920 e.V."]
[BlackTeam "SG Porz e.V."]
[WhiteTeamCountry "GER"]
[BlackTeamCountry "GER"]

1. e4 c5 2. Nf3 e6 3. g3 d5 4. exd5 exd5 5. Bg2 Nf6 6. O-O Be7 7. d4 cxd4 8.
Nxd4 Nc6 9. Nc3 O-O 10. Be3 Bg4 11. Qd2 Qd7 12. f3 Bh3 13. Bxh3 Qxh3 14. Nce2
Qd7 15. Rad1 Rfd8 16. Kg2 Ne5 17. Bf4 Nc4 18. Qc1 Nh5 19. Be3 h6 20. Bf2 Bg5
21. f4 Be7 22. b3 Nd6 23. Nc3 Nf6 24. Qe3 Rac8 25. h3 Bf8 26. Qd3 Qc7 27. Ncb5
Nxb5 28. Qxb5 Ne4 29. Qd3 Bc5 30. Rc1 Qa5 31. a4 Ba3 32. Ra1 Bb2 33. Rab1 Bxd4
34. Qxd4 Rxc2 35. Kg1 Qc3 36. Qxc3 Nxc3 37. Ra1 d4 38. Be1 Ne2+ 39. Kh1 d3 40.
Rd1 d2 0-1

[Event "Bundesliga 9798"]
[Site "Deutschland"]
[Date "1998.??.??"]
[Round "?.8"]
[White "Becker, Marc"]
[Black "Holzke, Frank"]
[Result "1/2-1/2"]
[WhiteElo "2430"]
[BlackElo "2400"]
[PlyCount "75"]
[EventDate "1997.10.??"]
[EventType "team"]
[EventRounds "15"]
[EventCountry "GER"]
[SourceTitle "Bundesliga 9798"]
[Source "DeepChess"]
[SourceDate "2005.01.01"]
[SourceVersion "1"]
[SourceVersionDate "2005.01.01"]
[SourceQuality "1"]
[WhiteTeam "SC Anderssen St.Ingbert 1920 e.V."]
[BlackTeam "SG Porz e.V."]
[WhiteTeamCountry "GER"]
[BlackTeamCountry "GER"]

1. c4 c5 2. Nf3 Nf6 3. g3 g6 4. Nc3 Bg7 5. Bg2 O-O 6. O-O Nc6 7. d4 cxd4 8.
Nxd4 Ng4 9. e3 d6 10. Nce2 Nxd4 11. exd4 Nh6 12. b3 Rb8 13. a4 Bg4 14. Ra2 Qd7
15. d5 Bh3 16. Bb2 Bxb2 17. Rxb2 Bxg2 18. Kxg2 Nf5 19. Nd4 Nxd4 20. Qxd4 a6 21.
Re1 Rfe8 22. Rbe2 Qd8 23. h4 b5 24. axb5 axb5 25. h5 bxc4 26. hxg6 fxg6 27.
bxc4 Rb7 28. Re6 Rf8 29. Qh4 Rb2 30. Rxe7 Rbxf2+ 31. Kh3 R2f7 32. Rxf7 Qxh4+
33. Kxh4 Kxf7 34. Re6 Rc8 35. Rxd6 Rxc4+ 36. Kg5 h6+ 37. Kxh6 Rg4 38. Rd7+
1/2-1/2

[Event "Bundesliga 9798"]
[Site "Deutschland"]
[Date "1997.??.??"]
[Round "?.1"]
[White "Gavrikov, Viktor"]
[Black "Dautov, Rustem"]
[Result "1/2-1/2"]
[WhiteElo "2575"]
[BlackElo "2595"]
[PlyCount "39"]
[EventDate "1997.10.??"]
[EventType "team"]
[EventRounds "15"]
[EventCountry "GER"]
[SourceTitle "Bundesliga 9798"]
[Source "DeepChess"]
[SourceDate "2005.01.01"]
[SourceVersion "1"]
[SourceVersionDate "2005.01.01"]
[SourceQuality "1"]
[WhiteTeam "SK Passau 1869"]
[BlackTeam "SC Anderssen St.Ingbert 1920 e.V."]
[WhiteTeamCountry "GER"]
[BlackTeamCountry "GER"]

1. Nf3 Nf6 2. c4 e6 3. g3 d5 4. Bg2 dxc4 5. Qa4+ c6 6. Qxc4 b5 7. Qc2 Bb7 8.
Nc3 Nbd7 9. O-O Be7 10. d3 O-O 11. Bf4 Rc8 12. Rac1 Qb6 13. Ne5 Nxe5 14. Bxe5
Nd5 15. Qb3 Nxc3 16. Bxc3 c5 17. Bxb7 Qxb7 18. a4 a6 19. axb5 axb5 20. Bd2
1/2-1/2

[Event "Bundesliga 9798"]
[Site "Deutschland"]
[Date "1997.??.??"]
[Round "?.3"]
[White "Smejkal, Jan"]
[Black "Bauer, Christian"]
[Result "0-1"]
[WhiteElo "2525"]
[BlackElo "2525"]
[PlyCount "82"]
[EventDate "1997.10.??"]
[EventType "team"]
[EventRounds "15"]
[EventCountry "GER"]
[SourceTitle "Bundesliga 9798"]
[Source "DeepChess"]
[SourceDate "2005.01.01"]
[SourceVersion "1"]
[SourceVersionDate "2005.01.01"]
[SourceQuality "1"]
[WhiteTeam "SK Passau 1869"]
[BlackTeam "SC Anderssen St.Ingbert 1920 e.V."]
[WhiteTeamCountry "GER"]
[BlackTeamCountry "GER"]

1. Nf3 d6 2. d4 f5 3. g3 Nf6 4. Bg2 g6 5. b3 Bg7 6. Bb2 O-O 7. c4 Qe8 8. O-O
Na6 9. Qc2 h6 10. Nbd2 g5 11. Bc3 Kh8 12. d5 Qg6 13. Nd4 Bd7 14. b4 Qh5 15. e3
Rac8 16. Rae1 c5 17. dxc6 bxc6 18. f4 Nxb4 19. Bxb4 c5 20. Bc3 cxd4 21. exd4 e6
22. Qd3 d5 23. c5 Ne4 24. Nxe4 fxe4 25. Qe3 Bb5 26. Rf2 gxf4 27. Rxf4 Rxf4 28.
gxf4 Rg8 29. Kh1 Bf6 30. Bf1 Qg4 31. Bh3 Qf3+ 32. Qxf3 exf3 33. Rc1 f2 34. Bg2
Bd3 35. c6 Rc8 36. Bb2 Bc4 37. h3 Rxc6 38. Kh2 Rb6 39. Bc3 Ra6 40. Rc2 f1=Q 41.
Bxf1 Bxf1 0-1

[Event "Bundesliga 9798"]
[Site "Deutschland"]
[Date "1997.??.??"]
[Round "?.4"]
[White "Kachiani Gersinska, Ketino"]
[Black "Wells, Peter K"]
[Result "1-0"]
[WhiteElo "2415"]
[BlackElo "2530"]
[PlyCount "63"]
[EventDate "1997.10.??"]
[EventType "team"]
[EventRounds "15"]
[EventCountry "GER"]
[SourceTitle "Bundesliga 9798"]
[Source "DeepChess"]
[SourceDate "2005.01.01"]
[SourceVersion "1"]
[SourceVersionDate "2005.01.01"]
[SourceQuality "1"]
[WhiteTeam "SC Anderssen St.Ingbert 1920 e.V."]
[BlackTeam "SK Passau 1869"]
[WhiteTeamCountry "GER"]
[BlackTeamCountry "GER"]

1. d4 Nf6 2. c4 e6 3. g3 d5 4. Nf3 dxc4 5. Bg2 a6 6. O-O Nc6 7. e3 Bd7 8. Qe2
b5 9. Bd2 Be7 10. Rc1 O-O 11. b3 cxb3 12. axb3 Nd5 13. Nc3 Nxc3 14. Bxc3 Qb8
15. h4 Qb6 16. Ng5 a5 17. d5 exd5 18. Bxd5 Bxg5 19. hxg5 b4 20. Bb2 a4 21. bxa4
Ra5 22. Rd1 Nb8 23. Qf3 Qg6 24. Qf4 Bxa4 25. Qxc7 Ra6 26. Rd4 Qxg5 27. Bxf7+
Kh8 28. Rxb4 Bb5 29. Rc1 Nd7 30. Rf4 Nf6 31. Qe7 Raa8 32. Rxf6 1-0

[Event "Bundesliga 9798"]
[Site "Deutschland"]
[Date "1997.??.??"]
[Round "?.5"]
[White "Pichler, Juergen"]
[Black "Werner, Dimo"]
[Result "1-0"]
[WhiteElo "2395"]
[BlackElo "2420"]
[PlyCount "85"]
[EventDate "1997.10.??"]
[EventType "team"]
[EventRounds "15"]
[EventCountry "GER"]
[SourceTitle "Bundesliga 9798"]
[Source "DeepChess"]
[SourceDate "2005.01.01"]
[SourceVersion "1"]
[SourceVersionDate "2005.01.01"]
[SourceQuality "1"]
[WhiteTeam "SK Passau 1869"]
[BlackTeam "SC Anderssen St.Ingbert 1920 e.V."]
[WhiteTeamCountry "GER"]
[BlackTeamCountry "GER"]

1. d4 Nf6 2. c4 g6 3. Nc3 Bg7 4. e4 O-O 5. Be2 d6 6. Nf3 Nbd7 7. Bg5 h6 8. Bh4
e5 9. d5 g5 10. Bg3 Nh5 11. h4 g4 12. Nh2 Nf4 13. Nxg4 Nxg2+ 14. Kf1 Nf4 15.
Qd2 f5 16. exf5 Rxf5 17. Ne4 b6 18. Bd3 Nxd3 19. Qxd3 Nc5 20. Nxc5 bxc5 21. Ne3
Rf7 22. Ke2 e4 23. Qxe4 Bd7 24. Qg6 Rf6 25. Qc2 Qf8 26. Rae1 Re8 27. Kd1 h5 28.
Rhg1 Kh8 29. Qd3 Rb8 30. Re2 Qc8 31. f4 Qa6 32. b3 Rbf8 33. Reg2 Bh6 34. Be1
Bxf4 35. Bc3 Be5 36. Rg7 Bf5 37. Qe2 Bg4 38. Nxg4 hxg4 39. Qxg4 Rf1+ 40. Rxf1
Rxf1+ 41. Ke2 Rf8 42. a4 Bxc3 43. Re7 1-0

[Event "Bundesliga 9798"]
[Site "Deutschland"]
[Date "1997.??.??"]
[Round "?.6"]
[White "Ristic, Nenad"]
[Black "Klebel, Martin"]
[Result "1-0"]
[WhiteElo "2420"]
[BlackElo "2410"]
[PlyCount "93"]
[EventDate "1997.10.??"]
[EventType "team"]
[EventRounds "15"]
[EventCountry "GER"]
[SourceTitle "Bundesliga 9798"]
[Source "DeepChess"]
[SourceDate "2005.01.01"]
[SourceVersion "1"]
[SourceVersionDate "2005.01.01"]
[SourceQuality "1"]
[WhiteTeam "SC Anderssen St.Ingbert 1920 e.V."]
[BlackTeam "SK Passau 1869"]
[WhiteTeamCountry "GER"]
[BlackTeamCountry "GER"]

1. e4 c5 2. Nf3 e6 3. Nc3 a6 4. g3 Nc6 5. Bg2 d6 6. d4 cxd4 7. Nxd4 Bd7 8. O-O
Nf6 9. Re1 Be7 10. Nxc6 Bxc6 11. a4 O-O 12. a5 Qc7 13. Be3 Nd7 14. Na4 Rae8 15.
Nb6 Nxb6 16. Bxb6 Qd7 17. Qd3 f5 18. c4 f4 19. Rad1 e5 20. c5 Rf6 21. gxf4 exf4
22. Bh3 Rg6+ 23. Kh1 Rg4 24. Bxg4 Qxg4 25. f3 Qh5 26. cxd6 Bh4 27. Re2 Kh8 28.
Qb3 Bd7 29. Bd4 Be6 30. Qa3 Rd8 31. Rg1 Bg3 32. d7 Rxd7 33. Qc3 h6 34. Reg2 Kh7
35. Be5 g6 36. b4 Bh3 37. Rc2 Be6 38. Bf6 g5 39. Rf1 g4 40. Kg1 gxf3 41. hxg3
Qg6 42. Rxf3 Qxe4 43. Rxf4 Rd1+ 44. Rf1 Rxf1+ 45. Kxf1 Qh1+ 46. Kf2 Kg6 47. Bh8
1-0

[Event "Bundesliga 9798"]
[Site "Deutschland"]
[Date "1997.??.??"]
[Round "?.7"]
[White "Schmidt, Peter"]
[Black "Becker, Marc"]
[Result "1/2-1/2"]
[WhiteElo "2410"]
[BlackElo "2430"]
[PlyCount "36"]
[EventDate "1997.10.??"]
[EventType "team"]
[EventRounds "15"]
[EventCountry "GER"]
[SourceTitle "Bundesliga 9798"]
[Source "DeepChess"]
[SourceDate "2005.01.01"]
[SourceVersion "1"]
[SourceVersionDate "2005.01.01"]
[SourceQuality "1"]
[WhiteTeam "SK Passau 1869"]
[BlackTeam "SC Anderssen St.Ingbert 1920 e.V."]
[WhiteTeamCountry "GER"]
[BlackTeamCountry "GER"]

1. d4 Nf6 2. Bg5 e6 3. e4 h6 4. Bxf6 Qxf6 5. Nc3 d6 6. Qd2 g5 7. g3 Bd7 8. Bg2
Nc6 9. Nge2 O-O-O 10. O-O Bg7 11. Rad1 g4 12. Qe3 Qg5 13. f4 gxf3 14. Qxf3 e5
15. h4 Qg4 16. Qxg4 Bxg4 17. Bf3 Bh3 18. Bg2 Bg4 1/2-1/2

[Event "Bundesliga 9798"]
[Site "Deutschland"]
[Date "1997.??.??"]
[Round "?.8"]
[White "Kummerow, Heiko"]
[Black "Schlingensiepen, Christian"]
[Result "1/2-1/2"]
[WhiteElo "2300"]
[BlackElo "2300"]
[PlyCount "80"]
[EventDate "1997.10.??"]
[EventType "team"]
[EventRounds "15"]
[EventCountry "GER"]
[SourceTitle "Bundesliga 9798"]
[Source "DeepChess"]
[SourceDate "2005.01.01"]
[SourceVersion "1"]
[SourceVersionDate "2005.01.01"]
[SourceQuality "1"]
[WhiteTeam "SC Anderssen St.Ingbert 1920 e.V."]
[BlackTeam "SK Passau 1869"]
[WhiteTeamCountry "GER"]
[BlackTeamCountry "GER"]

1. e4 e5 2. Nf3 Nc6 3. d4 exd4 4. Nxd4 Qf6 5. Be3 Bc5 6. c3 Nge7 7. Bc4 O-O 8.
O-O Qg6 9. Nd2 Bxd4 10. cxd4 d5 11. exd5 Nb4 12. Kh1 Nbxd5 13. Nf3 c6 14. Ne5
Qd6 15. Qf3 f6 16. Nd3 Be6 17. Bf4 Nxf4 18. Qxf4 Rad8 19. Qxd6 Rxd6 20. Bxe6+
Rxe6 21. Nc5 Rd6 22. Nxb7 Rxd4 23. Rfd1 Rd5 24. Rxd5 cxd5 25. Nc5 Rb8 26. Nd3
Rc8 27. Rc1 Rxc1+ 28. Nxc1 Kf7 29. Kg1 Ke6 30. Nd3 Nc6 31. Kf1 a5 32. Ke2 d4
33. Nf4+ Ke5 34. g3 g5 35. Nd3+ Kd5 36. f3 Ne7 37. b3 Nf5 38. Nf2 Nd6 39. Kd3
f5 40. h3 Nb7 1/2-1/2

[Event "Bundesliga 9798"]
[Site "Deutschland"]
[Date "1998.??.??"]
[Round "?.1"]
[White "Siegel, Georg"]
[Black "Dautov, Rustem"]
[Result "0-1"]
[WhiteElo "2540"]
[BlackElo "2595"]
[PlyCount "54"]
[EventDate "1997.10.??"]
[EventType "team"]
[EventRounds "15"]
[EventCountry "GER"]
[SourceTitle "Bundesliga 9798"]
[Source "DeepChess"]
[SourceDate "2005.01.01"]
[SourceVersion "1"]
[SourceVersionDate "2005.01.01"]
[SourceQuality "1"]
[WhiteTeam "SK Zaehringen 1921"]
[BlackTeam "SC Anderssen St.Ingbert 1920 e.V."]
[WhiteTeamCountry "GER"]
[BlackTeamCountry "GER"]

1. e4 c6 2. Nc3 d5 3. d4 dxe4 4. Nxe4 Bf5 5. Nc5 b6 6. Nb3 e6 7. Nf3 Bd6 8. g3
Ne7 9. Bg2 h6 10. O-O Nd7 11. Nbd2 Rc8 12. Re1 O-O 13. b3 b5 14. c4 Bb4 15. Bb2
bxc4 16. bxc4 c5 17. Re3 cxd4 18. Nxd4 Nb6 19. Bf1 Bxd2 20. Qxd2 Nxc4 21. Bxc4
Rxc4 22. Rd1 Qa8 23. Nxf5 Nxf5 24. Rd3 Qc6 25. Rd8 Rxd8 26. Qxd8+ Kh7 27. Qd7
Qf3 0-1

[Event "Bundesliga 9798"]
[Site "Deutschland"]
[Date "1998.??.??"]
[Round "?.3"]
[White "Roos, Daniel"]
[Black "Bauer, Christian"]
[Result "1/2-1/2"]
[WhiteElo "2420"]
[BlackElo "2525"]
[PlyCount "44"]
[EventDate "1997.10.??"]
[EventType "team"]
[EventRounds "15"]
[EventCountry "GER"]
[SourceTitle "Bundesliga 9798"]
[Source "DeepChess"]
[SourceDate "2005.01.01"]
[SourceVersion "1"]
[SourceVersionDate "2005.01.01"]
[SourceQuality "1"]
[WhiteTeam "SK Zaehringen 1921"]
[BlackTeam "SC Anderssen St.Ingbert 1920 e.V."]
[WhiteTeamCountry "GER"]
[BlackTeamCountry "GER"]

1. d4 f5 2. g3 Nf6 3. Bg2 g6 4. Nh3 Bg7 5. c3 Na6 6. O-O O-O 7. Nd2 c5 8. Nb3
Qb6 9. dxc5 Qc7 10. Qd4 e5 11. Qc4+ Kh8 12. Rd1 d5 13. Bxd5 Nxd5 14. Qxd5 f4
15. Ng5 Qe7 16. Ne4 Bh3 17. Bd2 Rad8 18. Qc4 Be6 19. Qa4 Bd7 20. Qc4 Be6 21.
Qa4 Bd7 22. Qc4 Be6 1/2-1/2

[Event "Bundesliga 9798"]
[Site "Deutschland"]
[Date "1998.??.??"]
[Round "?.4"]
[White "Kachiani Gersinska, Ketino"]
[Black "Toth, Bela"]
[Result "1-0"]
[WhiteElo "2415"]
[BlackElo "2395"]
[PlyCount "73"]
[EventDate "1997.10.??"]
[EventType "team"]
[EventRounds "15"]
[EventCountry "GER"]
[SourceTitle "Bundesliga 9798"]
[Source "DeepChess"]
[SourceDate "2005.01.01"]
[SourceVersion "1"]
[SourceVersionDate "2005.01.01"]
[SourceQuality "1"]
[WhiteTeam "SC Anderssen St.Ingbert 1920 e.V."]
[BlackTeam "SK Zaehringen 1921"]
[WhiteTeamCountry "GER"]
[BlackTeamCountry "GER"]

1. d4 Nf6 2. c4 e6 3. g3 d5 4. Nf3 dxc4 5. Bg2 a6 6. O-O Nc6 7. e3 Bd7 8. Qe2
b5 9. Rd1 Be7 10. e4 O-O 11. Nc3 Re8 12. Ne5 Rb8 13. Be3 h6 14. Rac1 Bf8 15. h4
Na5 16. g4 b4 17. Nb1 Ba4 18. Re1 Nd7 19. g5 hxg5 20. hxg5 Nxe5 21. dxe5 g6 22.
f4 Bb5 23. Qf2 Qe7 24. Nd2 Red8 25. Nf3 c3 26. bxc3 Nc4 27. Nh2 Nxe3 28. Rxe3
Qd7 29. Ng4 Qd2 30. Nf6+ Kg7 31. Qh4 Qxe3+ 32. Kh2 Qxf4+ 33. Qxf4 Bc5 34. cxb4
Rh8+ 35. Kg3 Bxb4 36. Rxc7 Rbf8 37. Ng4 1-0

[Event "Bundesliga 9798"]
[Site "Deutschland"]
[Date "1998.??.??"]
[Round "?.5"]
[White "Maier, Christian"]
[Black "Werner, Dimo"]
[Result "1-0"]
[WhiteElo "2380"]
[BlackElo "2420"]
[PlyCount "69"]
[EventDate "1997.10.??"]
[EventType "team"]
[EventRounds "15"]
[EventCountry "GER"]
[SourceTitle "Bundesliga 9798"]
[Source "DeepChess"]
[SourceDate "2005.01.01"]
[SourceVersion "1"]
[SourceVersionDate "2005.01.01"]
[SourceQuality "1"]
[WhiteTeam "SK Zaehringen 1921"]
[BlackTeam "SC Anderssen St.Ingbert 1920 e.V."]
[WhiteTeamCountry "GER"]
[BlackTeamCountry "GER"]

1. d4 Nf6 2. c4 g6 3. Nf3 Bg7 4. g3 O-O 5. Bg2 d6 6. h3 Nc6 7. O-O e5 8. Be3
exd4 9. Nxd4 Bd7 10. Qc1 Nxd4 11. Bxd4 Qc8 12. Qc3 Qd8 13. Qd3 Re8 14. Nd2 Bc6
15. e4 Nd7 16. Bxg7 Kxg7 17. b4 Qf6 18. Qc2 Nf8 19. Rad1 a5 20. b5 Bd7 21. f4
Ne6 22. e5 dxe5 23. Ne4 Qe7 24. fxe5 Nc5 25. Nf6 Red8 26. Nd5 Qxe5 27. Qf2 Be8
28. Qxc5 c6 29. Rde1 Qxg3 30. Qd4+ Kh6 31. bxc6 bxc6 32. Re3 Qb8 33. Qh4+ Kg7
34. Qf6+ Kh6 35. Rf4 1-0

[Event "Bundesliga 9798"]
[Site "Deutschland"]
[Date "1998.??.??"]
[Round "?.6"]
[White "Becker, Marc"]
[Black "Raupp, Thomas"]
[Result "1/2-1/2"]
[WhiteElo "2430"]
[BlackElo "2350"]
[PlyCount "65"]
[EventDate "1997.10.??"]
[EventType "team"]
[EventRounds "15"]
[EventCountry "GER"]
[SourceTitle "Bundesliga 9798"]
[Source "DeepChess"]
[SourceDate "2005.01.01"]
[SourceVersion "1"]
[SourceVersionDate "2005.01.01"]
[SourceQuality "1"]
[WhiteTeam "SC Anderssen St.Ingbert 1920 e.V."]
[BlackTeam "SK Zaehringen 1921"]
[WhiteTeamCountry "GER"]
[BlackTeamCountry "GER"]

1. c4 e6 2. Nf3 Nf6 3. g3 d5 4. b3 Be7 5. Bb2 O-O 6. Bg2 c5 7. O-O Nc6 8. cxd5
Nxd5 9. Nc3 Nxc3 10. Bxc3 Bd7 11. Qc2 Rc8 12. Qb2 Bf6 13. Bxf6 Qxf6 14. Qxf6
gxf6 15. Rfd1 Rfd8 16. d4 cxd4 17. Nxd4 Nxd4 18. Rxd4 Bc6 19. Rxd8+ Rxd8 20.
Bxc6 bxc6 21. Rc1 Rd2 22. a4 Rxe2 23. Rxc6 Rb2 24. Ra6 Rxb3 25. Rxa7 f5 26. a5
Ra3 27. a6 Kg7 28. Ra8 e5 29. a7 e4 30. h4 h5 31. Kf1 Ra2 32. Ke1 Kf6 33. Kf1
1/2-1/2

[Event "Bundesliga 9798"]
[Site "Deutschland"]
[Date "1998.??.??"]
[Round "?.7"]
[White "Roos, Jean Luc"]
[Black "Gross, Georg"]
[Result "0-1"]
[WhiteElo "2310"]
[BlackElo "2360"]
[PlyCount "72"]
[EventDate "1997.10.??"]
[EventType "team"]
[EventRounds "15"]
[EventCountry "GER"]
[SourceTitle "Bundesliga 9798"]
[Source "DeepChess"]
[SourceDate "2005.01.01"]
[SourceVersion "1"]
[SourceVersionDate "2005.01.01"]
[SourceQuality "1"]
[WhiteTeam "SK Zaehringen 1921"]
[BlackTeam "SC Anderssen St.Ingbert 1920 e.V."]
[WhiteTeamCountry "GER"]
[BlackTeamCountry "GER"]

1. e4 Nc6 2. Nf3 f5 3. e5 d6 4. exd6 cxd6 5. d4 Bd7 6. Be2 e5 7. O-O e4 8. d5
Nce7 9. Nd4 Nf6 10. Nc3 Qa5 11. Ndb5 Ng6 12. Bd2 Qd8 13. Bg5 a6 14. Bxf6 gxf6
15. Nd4 Bh6 16. Bh5 Rc8 17. g4 fxg4 18. Nxe4 Bf4 19. Bxg4 f5 20. Nxf5 O-O 21.
Neg3 Rc7 22. Nd4 Qh4 23. Be6+ Kh8 24. Bxd7 Rxd7 25. Ne6 Rf6 26. Re1 Rdf7 27.
Re4 Ne5 28. Qh5 Qxh5 29. Nxh5 Rg6+ 30. Kh1 Bxh2 31. f4 Ng4 32. Rf1 Rh6 33. Ng5
Rf8 34. f5 Rxh5 35. Ne6 Rg8 36. f6 Nf2+ 0-1

[Event "Bundesliga 9798"]
[Site "Deutschland"]
[Date "1998.??.??"]
[Round "?.8"]
[White "Kummerow, Heiko"]
[Black "Vatter, Hans Joachim"]
[Result "0-1"]
[WhiteElo "2300"]
[BlackElo "2265"]
[PlyCount "72"]
[EventDate "1997.10.??"]
[EventType "team"]
[EventRounds "15"]
[EventCountry "GER"]
[SourceTitle "Bundesliga 9798"]
[Source "DeepChess"]
[SourceDate "2005.01.01"]
[SourceVersion "1"]
[SourceVersionDate "2005.01.01"]
[SourceQuality "1"]
[WhiteTeam "SC Anderssen St.Ingbert 1920 e.V."]
[BlackTeam "SK Zaehringen 1921"]
[WhiteTeamCountry "GER"]
[BlackTeamCountry "GER"]

1. e4 c5 2. Nf3 e6 3. d4 cxd4 4. Nxd4 a6 5. Bd3 Bc5 6. Nb3 Ba7 7. Nc3 Nc6 8.
Qe2 d6 9. Be3 Nf6 10. O-O-O b5 11. Rd2 b4 12. Nd1 O-O 13. f4 a5 14. e5 Nd5 15.
Bxa7 Rxa7 16. Qe4 g6 17. Bc4 dxe5 18. Bxd5 exd5 19. Rxd5 Bf5 20. Qc4 Qa8 21.
Nc5 exf4 22. Re1 Rc8 23. Qxf4 b3 24. axb3 Bxc2 25. Rd7 Rxd7 26. Nxd7 Nb4 27.
Nf6+ Kg7 28. Nf2 Bf5+ 29. Kd1 Rd8+ 30. Ke2 Qa6+ 31. Kf3 Qxf6 32. Re5 Nd3 33.
Nxd3 Rxd3+ 34. Kf2 Rxb3 35. Re2 Be6 36. Qxf6+ Kxf6 0-1

[Event "Bundesliga 9798"]
[Site "Deutschland"]
[Date "1998.??.??"]
[Round "?.1"]
[White "Van der Sterren, Paul"]
[Black "Dautov, Rustem"]
[Result "1/2-1/2"]
[WhiteElo "2555"]
[BlackElo "2595"]
[PlyCount "58"]
[EventDate "1997.10.??"]
[EventType "team"]
[EventRounds "15"]
[EventCountry "GER"]
[SourceTitle "Bundesliga 9798"]
[Source "DeepChess"]
[SourceDate "2005.01.01"]
[SourceVersion "1"]
[SourceVersionDate "2005.01.01"]
[SourceQuality "1"]
[WhiteTeam "SV Castrop Rauxel 1923"]
[BlackTeam "SC Anderssen St.Ingbert 1920 e.V."]
[WhiteTeamCountry "GER"]
[BlackTeamCountry "GER"]

1. Nf3 Nf6 2. c4 e6 3. Nc3 Bb4 4. Qc2 O-O 5. a3 Bxc3 6. Qxc3 b6 7. g3 Bb7 8.
Bg2 d5 9. cxd5 Nxd5 10. Qc2 c5 11. O-O Nc6 12. e3 Rc8 13. b3 Qe7 14. Bb2 Rfd8
15. Rfe1 h6 16. Rad1 Nf6 17. d3 Nb8 18. Qb1 Nbd7 19. e4 e5 20. Qa1 Re8 21. Bh3
Rcd8 22. Nh4 Nb8 23. f4 Nc6 24. Nf5 Qc7 25. Qc1 Ba6 26. Bf1 Bc8 27. fxe5 Nxe5
28. Qf4 Nh5 29. Qf2 Bxf5 1/2-1/2

[Event "Bundesliga 9798"]
[Site "Deutschland"]
[Date "1998.??.??"]
[Round "?.2"]
[White "Giorgadze, Giorgi"]
[Black "Conquest, Stuart"]
[Result "1-0"]
[WhiteElo "2625"]
[BlackElo "2500"]
[PlyCount "103"]
[EventDate "1997.10.??"]
[EventType "team"]
[EventRounds "15"]
[EventCountry "GER"]
[SourceTitle "Bundesliga 9798"]
[Source "DeepChess"]
[SourceDate "2005.01.01"]
[SourceVersion "1"]
[SourceVersionDate "2005.01.01"]
[SourceQuality "1"]
[WhiteTeam "SC Anderssen St.Ingbert 1920 e.V."]
[BlackTeam "SV Castrop Rauxel 1923"]
[WhiteTeamCountry "GER"]
[BlackTeamCountry "GER"]

1. d4 Nf6 2. c4 g6 3. Nc3 d5 4. Nf3 Bg7 5. Qb3 dxc4 6. Qxc4 O-O 7. e4 Nc6 8.
Be2 Bg4 9. d5 Na5 10. Qa4 Bxf3 11. Bxf3 c6 12. O-O cxd5 13. exd5 Rc8 14. Rd1
Ne8 15. Bg5 Nc4 16. Rab1 Ned6 17. Qxa7 Ra8 18. Qc5 Rc8 19. Qb4 Nxb2 20. Qxb2
Bxc3 21. Qe2 Re8 22. h4 Bf6 23. Rb4 Qa5 24. Rb3 Rc7 25. Bxf6 exf6 26. Qd2 Qxd2
27. Rxd2 b5 28. g3 Kf8 29. Kg2 Ra8 30. Rbb2 Ra3 31. Rdc2 Rac3 32. Rxc3 Rxc3 33.
Rd2 h5 34. Bd1 Nc4 35. Rc2 Rxc2 36. Bxc2 Ke7 37. Bd3 Na3 38. Kf3 Kd6 39. Ke4
Kc5 40. f3 Kd6 41. g4 f5+ 42. gxf5 gxf5+ 43. Kxf5 Kxd5 44. Kf6 Kd4 45. Be4 b4
46. Kxf7 Nb5 47. Kg6 Nc3 48. Kxh5 Nxa2 49. Kg5 Nc3 50. Bf5 Nb5 51. h5 Nd6 52.
Be6 1-0